[Event "EU-chT Seniors"]
[Site "Dresden GER"]
[Date "2006.02.21"]
[Round "5"]
[White "Meier,W"]
[Black "Rodriguez,Or"]
[Result "1/2-1/2"]
[WhiteElo "2190"]
[BlackElo "2426"]

1.Nf3 d5 2.g3 c6 3.Bg2 Bg4 4.b3 Nd7 5.Bb2 Ngf6 6.d3 e6 7.O-O Bd6 8.c4 O-O
9.Qc2 e5 10.Nbd2 Re8 11.e4 a5 12.a3 dxe4 13.Nxe4 Nxe4 14.dxe4 Qf6 15.Nh4 Bc5
16.Kh1 g5 17.Nf5 Bxf5 18.exf5 Bd4 19.g4 Kg7 20.Rae1 Rad8 21.Bc1 b6 22.Be4 Nc5
23.Kg2 Rd7 24.Rh1 Nxe4 25.Rxe4 h6 26.h4 gxh4 27.Qd3 Rg8 28.Qh3 Kf8 29.Kf3 h5
30.g5 Rxg5 31.Bxg5 Qxg5 32.Rd1 Rd6 33.Rxh4 Rf6 34.Rxh5 Qf4+ 35.Kg2 Qxf2+
36.Kh1 Qc2 37.Qd3 Qb2 38.a4 Qa3 39.Qg3 Qd6 40.Rh8+ Ke7 41.Qg7 Qc7 42.Qf8+ Kd7
43.Qe8+ Kd6 44.Qf8+ Kd7 45.Qe8+ Kd6 46.Qf8+ Kd7  1/2-1/2

[Event "EU-chT Seniors"]
[Site "Dresden GER"]
[Date "2006.02.21"]
[Round "5"]
[White "Wicklund Hansen,R"]
[Black "Stavenhagen,J"]
[Result "0-1"]
[WhiteElo "1986"]
[BlackElo "2019"]

1.g3 d5 2.Nf3 Nf6 3.c4 c6 4.cxd5 cxd5 5.Bg2 Nc6 6.d4 Qb6 7.O-O Bg4 8.Nc3 e6
9.e3 Be7 10.Qa4 O-O 11.Bd2 Bxf3 12.Bxf3 Qxb2 13.Rfd1 Qa3 14.Qc2 Qd6 15.Rab1 Qd7
16.Qa4 a6 17.Bg2 Rfc8 18.Be1 b5 19.Qc2 b4 20.Na4 Nxd4 21.Qxc8+ Rxc8 22.Nb6 Ne2+
23.Kh1 Qb7 24.Nxc8 Qxc8 25.Bxb4 Bxb4 26.Rxb4 h6 27.Rb2 Nc1 28.Bf1 Qc3 29.Rdd2 Ne4
30.Rdc2 Qe1 31.Kg2 Nc3 32.Bxa6 N1xa2 33.Rb3 g6 34.Bf1 d4 35.Bc4 dxe3 36.fxe3 Qxe3
37.Kh3 Qe5 38.Rbb2 Qf5+  0-1

[Event "EU-chT Seniors"]
[Site "Dresden GER"]
[Date "2006.02.21"]
[Round "5"]
[White "Bakhmatov,E"]
[Black "Chernikov,O"]
[Result "1/2-1/2"]
[WhiteElo "2390"]
[BlackElo "2411"]

1.Nf3 d5 2.g3 Bg4 3.Bg2 c6 4.O-O Nd7 5.d3 Ngf6 6.Nbd2 e6 7.h3 Bxf3 8.Nxf3 Bd6
9.c4 Ne5 10.cxd5 Nxf3+ 11.Bxf3 exd5 12.Be3 O-O 13.Bd4 Nd7 14.e4 Be5 15.Be3 dxe4
16.dxe4 Nb6 17.Qb3 Qf6 18.Bc1 Na4 19.Bg4 b5 20.Rb1 Bd4 21.Kg2 Qe5 22.Qc2 h5
23.Bf4 Qc5 24.Qxc5 Nxc5 25.Bxh5 Nxe4 26.Bf3 Rfe8 27.Rbe1 f5 28.Re2 c5 29.Rfe1 c4
30.Bc1 Rad8 31.Bxe4 fxe4 32.Rxe4 Rxe4 33.Rxe4 a5 34.Re2 Bf6 35.h4 Rd5 36.Rc2 Kf7
37.a4 c3 38.bxc3 bxa4 39.c4 Rd4  1/2-1/2

[Event "13th Open Metalis"]
[Site "Bizovac CRO"]
[Date "2006.02.23"]
[Round "1"]
[White "Vukic,M"]
[Black "Kolakovski,I"]
[Result "1-0"]
[WhiteElo "2490"]
[BlackElo "2015"]

1.Nf3 d5 2.g3 Nf6 3.Bg2 c6 4.O-O g6 5.b3 Bg7 6.Bb2 O-O 7.c4 e6 8.Qc2 Nbd7
9.d4 b6 10.Nbd2 Bb7 11.e4 Nxe4 12.Nxe4 dxe4 13.Qxe4 Nf6 14.Qe2 Re8 15.Rfd1 Qc7
16.Ne5 c5 17.Bxb7 Qxb7 18.dxc5 bxc5 19.Rd3 Rad8 20.Rad1 Qc7 21.Qf3 Rxd3 22.Rxd3 Ng4
23.Nxg4 Bxb2 24.Nf6+ Bxf6 25.Qxf6 Qe7 26.Qxe7 Rxe7 27.Rd8+ Kg7 28.Rc8 Kf6
29.Rxc5 e5 30.Kf1 Kf5 31.f3 h5 32.Ke2 f6 33.Ke3 g5 34.Rd5 g4 35.b4 h4 36.c5 hxg3
37.hxg3 gxf3 38.Kxf3 Rb7 39.a3 a5 40.c6 Rc7  1-0

[Event "EU-chT Seniors"]
[Site "Dresden GER"]
[Date "2006.02.23"]
[Round "7"]
[White "Gutman,L"]
[Black "Rodriguez,Or"]
[Result "0-1"]
[WhiteElo "2465"]
[BlackElo "2426"]

1.Nf3 d5 2.g3 c6 3.Bg2 Bg4 4.Ne5 Bh5 5.d4 Nd7 6.O-O e6 7.c4 Ngf6 8.Nc3 Bd6
9.Bf4 Qc7 10.cxd5 exd5 11.Rc1 Qb8 12.Qb3 Nxe5 13.dxe5 Bxe5 14.Bxe5 Qxe5 15.Qxb7 O-O
16.e3 Rfc8 17.Rfe1 Rab8 18.Qa6 c5 19.b3 Qe6 20.Qa5 h6 21.e4 d4 22.Na4 c4
23.bxc4 d3 24.e5 Ng4 25.Bd5 Qf5 26.f4 g5 27.Qd2 gxf4 28.gxf4 Kh8 29.Kh1 Rg8
30.Rf1 Rbd8 31.Rce1 Bg6 32.Nc3 Qh5 33.Bf3 Bf5 34.Ne4 Qh4 35.Nd6 Bg6 36.f5 Bh5
37.f6 Rg5 38.e6 Nxh2 39.Qxh2 Bxf3+  0-1

[Event "EU-chT Seniors"]
[Site "Dresden GER"]
[Date "2006.02.23"]
[Round "7"]
[White "Hamm,G"]
[Black "Lomer,E"]
[Result "0-1"]
[WhiteElo "2166"]
[BlackElo "2143"]

1.Nf3 d5 2.g3 c6 3.Bg2 Nf6 4.d3 Bg4 5.h3 Bxf3 6.Bxf3 e6 7.Nd2 Bd6 8.O-O O-O
9.e4 Nbd7 10.Qe2 Qc7 11.Bg2 Rad8 12.Kh1 Rfe8 13.f4 dxe4 14.dxe4 e5 15.f5 Bb4
16.g4 Bxd2 17.Bxd2 Nc5 18.Rad1 Rd4 19.Bc3 Ncxe4 20.Bxe4 Nxe4 21.Qe3 Rxd1
22.Rxd1 Nxc3 23.Qxc3 e4 24.Qe3 c5 25.Rd5 b6 26.g5 Qc6 27.c4 h5 28.b3 g6 29.Kg2 gxf5
30.Rxf5 Qe6 31.Rd5 Rf8 32.Kh2 Re8 33.Kg3 Qg6 34.Kf2 Qg7 35.a4 Qb2+ 36.Rd2 Qe5
37.Rd5 Qh2+ 38.Ke1 h4 39.Rd7 a5 40.g6 Qh1+ 41.Kf2 fxg6  0-1

[Event "13th Open Metalis"]
[Site "Bizovac CRO"]
[Date "2006.02.24"]
[Round "3"]
[White "Arbanas,J"]
[Black "Ivankovic,S"]
[Result "1-0"]
[WhiteElo "2324"]
[BlackElo "2147"]

1.Nf3 d5 2.g3 Nf6 3.Bg2 Nbd7 4.c4 e6 5.b3 c6 6.Bb2 Bd6 7.O-O O-O 8.d4 b6
9.Nbd2 Bb7 10.Qc2 Qc7 11.Rac1 Rac8 12.Qb1 Qb8 13.Rfe1 c5 14.cxd5 exd5 15.Nh4 Rfe8
16.e3 Qa8 17.Bh3 Rcd8 18.Qa1 cxd4 19.Bxd4 Be5 20.Ndf3 Bxd4 21.Nxd4 Nc5 22.Red1 Qb8
23.b4 Nce4 24.Nc6 Bxc6 25.Rxc6 Rd6 26.Rc2 Ng5 27.Bg2 g6 28.Nf3 Nxf3+ 29.Bxf3 Rc8
30.Rdc1 Rxc2 31.Rxc2 Qd8 32.Qd4 Ne8 33.Kg2 Nc7 34.h4 Ne6 35.Qe5 d4 36.exd4 Nxd4
37.Rd2 f6 38.Qf4 Kg7 39.Rd3 h6 40.Re3 Nf5 41.Rc3 Nd4 42.Rc8 Qe7 43.Qe4 Rd7
44.Qxe7+ Rxe7 45.a4 f5 46.a5 bxa5 47.bxa5 a6 48.Ra8 Nxf3 49.Kxf3 Re6 50.Kf4 Re4+
51.Kf3 Re6 52.g4 fxg4+ 53.Kxg4 Rf6 54.Ra7+ Kf8 55.f4 Kg8 56.Rb7 h5+ 57.Kg5 Rf7
58.Rb6 Kh7 59.Rf6 Rc7 60.f5 gxf5 61.Rxf5 Rc1 62.Kxh5 Ra1 63.Rc5 Kg7  1-0

[Event "13th Open Metalis"]
[Site "Bizovac CRO"]
[Date "2006.02.24"]
[Round "3"]
[White "Vukic,M"]
[Black "Martic,Z"]
[Result "1-0"]
[WhiteElo "2490"]
[BlackElo "2273"]

1.Nf3 d5 2.g3 g6 3.Bg2 Bg7 4.d4 c6 5.O-O Nh6 6.Nbd2 Nf5 7.c3 Nd6 8.Re1 O-O
9.e4 dxe4 10.Nxe4 Nxe4 11.Rxe4 Nd7 12.Qb3 e5 13.Bg5 Qc7 14.Rae1 b6 15.Be7 Re8
16.Ba3 c5 17.dxe5 Bb7 18.e6 Kh8 19.Ng5 Nf6 20.Nxf7+ Kg8 21.R4e2 Bxg2 22.Kxg2 Re7
23.c4 Rf8 24.Qf3 Nd7 25.b4 Bd4 26.bxc5 bxc5 27.Bc1 Ne5 28.Rxe5 Bxe5 29.Rxe5 Qxe5
30.Nxe5 Rxf3 31.Kxf3 Rxe6 32.Ke4  1-0

[Event "22nd Open"]
[Site "Cappelle la Grande FRA"]
[Date "2006.02.24"]
[Round "8"]
[White "Berkovich,M"]
[Black "Bagheri,A"]
[Result "0-1"]
[WhiteElo "2392"]
[BlackElo "2521"]

1.g3 d5 2.Nf3 c6 3.Bg2 Bg4 4.c4 e6 5.cxd5 exd5 6.O-O Nf6 7.d3 Bd6 8.Be3 O-O
9.Qb3 Qc8 10.Nc3 Nbd7 11.Rac1 Qb8 12.Bd4 Re8 13.e4 Bxf3 14.Bxf3 Be5 15.Bxe5 Nxe5
16.Be2 dxe4 17.dxe4 Ned7 18.Bc4 Re7 19.Qb4 Kf8 20.Rfd1 a5 21.Qb3 Qa7 22.Rc2 b5
23.Bxb5 Rb8 24.a4 cxb5 25.Nxb5 Qb7 26.Qa3 Qxe4 27.Nd4 Rb4 28.Re2 Qd5 29.Rxe7 Kxe7
30.Rd3 Nc5 31.Re3+ Nfe4 32.Nf3 Kf8  0-1

[Event "13th Open Metalis"]
[Site "Bizovac CRO"]
[Date "2006.02.25"]
[Round "6"]
[White "Grunberg,M"]
[Black "Pavasovic,D"]
[Result "1/2-1/2"]
[WhiteElo "2416"]
[BlackElo "2535"]

1.Nf3 d5 2.g3 Bg4 3.Bg2 Nd7 4.c4 e6 5.cxd5 exd5 6.Nc3 c6 7.d3 Ngf6 8.O-O Bc5
9.e4 dxe4 10.dxe4 O-O 11.Qc2 Re8 12.Bf4 Bxf3 13.Bxf3 Ne5 14.Bg2 Ng6 15.Rad1 Qe7
16.Bg5 h6 17.Bc1 Rad8 18.a3 Bd4 19.Ne2 Bb6 20.Rxd8 Rxd8 21.Bd2 Re8 22.Nc3 Bd4
23.Ne2 Bb6 24.Nc3 Bd4 25.Ne2  1/2-1/2

[Event "TCh-CZE Extraliga 2005-6"]
[Site "Czech Rep CZE"]
[Date "2006.02.25"]
[Round "8"]
[White "Konopka,M"]
[Black "Jirka,J"]
[Result "1/2-1/2"]
[WhiteElo "2489"]
[BlackElo "2393"]

1.Nf3 d5 2.g3 g6 3.Bg2 Bg7 4.d4 Nf6 5.c4 c6 6.O-O dxc4 7.a4 O-O 8.Na3 a5
9.Nxc4 Be6 10.b3 Na6 11.Bb2 Bd5 12.e3 Nb4 13.Qe2 Be4 14.Ne1 Bxg2 15.Nxg2 Ne4
16.Rfd1 Qc7 17.Rac1 Na2 18.Rc2 Nb4 19.Rcc1 Na2 20.Rc2 Nb4  1/2-1/2

[Event "LXIII ch-POL"]
[Site "Krakow POL"]
[Date "2006.02.25"]
[Round "1"]
[White "Markowski,T"]
[Black "Gajewski,G"]
[Result "1-0"]
[WhiteElo "2565"]
[BlackElo "2486"]

1.g3 d5 2.Nf3 Nc6 3.d4 Bg4 4.Bg2 Qd7 5.h3 Bxf3 6.Bxf3 g6 7.Bg2 Bg7 8.e3 Nf6
9.O-O O-O 10.c4 dxc4 11.Na3 e5 12.Nxc4 exd4 13.exd4 Rad8 14.Qb3 Nxd4 15.Qxb7 Qe6
16.b3 Ne2+ 17.Kh2 Rd5 18.Bb2 Rh5 19.Bxf6 Bxf6 20.Rad1 Nd4 21.Rfe1 Qd7 22.Re3 a5
23.Nb6 Qd8 24.Nd5 c6 25.Nc3 Rf5 26.f4 h5 27.Be4 Rc5 28.Qa7 Qd6 29.Bg2 Rxc3
30.Rxc3 h4 31.Rc4 hxg3+ 32.Kh1 Rd8 33.Qxa5 Re8 34.Qd2 c5 35.Rcc1 Qc7 36.Re1 Rd8
37.Qe3 Nf5 38.Rxc5 Qa7 39.Rxf5 Qxe3 40.Rxe3 Rd1+ 41.Bf1 gxf5 42.Rxg3+ Kf8
43.Rf3 Bd4 44.a4 Bb6 45.Kg2 Ke7 46.Bc4 Rd4 47.Re3+ Kf8 48.Rd3  1-0

[Event "LXIII ch-POL"]
[Site "Krakow POL"]
[Date "2006.02.27"]
[Round "3"]
[White "Markowski,T"]
[Black "Grabarczyk,M"]
[Result "1/2-1/2"]
[WhiteElo "2565"]
[BlackElo "2479"]

1.g3 d5 2.Nf3 g6 3.c4 d4 4.Bg2 Bg7 5.O-O c5 6.d3 Nc6 7.Na3 Nf6 8.Nc2 a5 9.b3 O-O
10.a3 e5 11.Rb1 e4 12.Ng5 exd3 13.exd3 Bg4 14.Qd2 h6 15.h3 hxg5 16.hxg4 Nxg4
17.Qxg5 Qxg5 18.Bxg5 Rfe8 19.Rfe1 Rxe1+ 20.Rxe1 Nge5 21.Be4 f5 22.Bd5+ Kf8
23.Rd1 Ne7 24.Bxe7+ Kxe7 25.f4 Nc6 26.Re1+ Kf8 27.Kf2 Re8 28.Rb1 Ra8 29.Kf3 Bf6
30.g4 Re8 31.g5 Bd8 32.Rh1 Kg7 33.Re1 Rxe1 34.Nxe1 Bc7 35.Nc2 Bd6 36.Bxc6  1/2-1/2

[Event "LXIII ch-POL"]
[Site "Krakow POL"]
[Date "2006.03.01"]
[Round "5"]
[White "Markowski,T"]
[Black "Macieja,B"]
[Result "1/2-1/2"]
[WhiteElo "2565"]
[BlackElo "2585"]

1.g3 d5 2.Nf3 Nf6 3.Bg2 c6 4.O-O Bg4 5.d3 e6 6.c4 Bd6 7.Be3 Nbd7 8.Nc3 Bxf3
9.exf3 a6 10.f4 g6 11.Rc1 O-O 12.Qb3 b5 13.Ne2 Qe7 14.cxb5 cxb5 15.Rc6 Rfc8
16.Rfc1 Rxc6 17.Rxc6 Qf8 18.Qc2 Be7 19.h3 Qd8 20.Nd4 b4 21.Nf3 a5 22.Bd4 a4
23.Ne5 Ne8 24.g4 Nd6  1/2-1/2

[Event "ch-LAT"]
[Site "Riga LAT"]
[Date "2006.03.01"]
[Round "2"]
[White "Luckans,A"]
[Black "Krustkalns,K"]
[Result "1-0"]
[WhiteElo "2467"]
[BlackElo "2223"]

1.Nf3 d5 2.g3 Nf6 3.Bg2 c6 4.O-O Bg4 5.b3 Nbd7 6.Bb2 Bxf3 7.exf3 e6 8.f4 Be7
9.d3 O-O 10.Nd2 Qa5 11.Nf3 Ba3 12.Qc1 Bxb2 13.Qxb2 Qb6 14.Ne5 Rfd8 15.Rfe1 Rac8
16.h4 c5 17.Rab1 Nf8 18.c3 Ng6 19.Bf3 Ne7 20.h5 Qc7 21.Qe2 Nc6 22.Kg2 Nxe5
23.fxe5 Nd7 24.Bg4 b5 25.Rbc1 Nf8 26.f4 Qe7 27.Rf1 c4 28.d4 cxb3 29.axb3 Qa3
30.f5 Qxb3 31.f6 Rxc3 32.Rxc3 Qxc3 33.fxg7 Kxg7 34.Qf2 Rd7 35.Qf6+ Kg8 36.Qg5+ Kh8
37.Rc1 Qxd4 38.Rc8 Qb4 39.h6 f5 40.exf6 Rf7 41.Qg7+  1-0

[Event "70th ch-BUL"]
[Site "Svilengrad BUL"]
[Date "2006.03.01"]
[Round "2"]
[White "Galunov,T"]
[Black "Petkov,V"]
[Result "0-1"]
[WhiteElo "2286"]
[BlackElo "2512"]

1.Nf3 d5 2.g3 c6 3.Bg2 Bg4 4.c4 Nd7 5.cxd5 cxd5 6.Nc3 e6 7.Qa4 Bxf3 8.Bxf3 Ne7
9.e4 d4 10.Nb5 Nc6 11.Nxd4 Qf6 12.e5 Ncxe5 13.Bxb7 Nd3+ 14.Ke2 Nc5 15.Qc6 Rb8
16.Nb5 Qe5+ 17.Kf1 Rxb7 18.d4 Qe4 19.Qc8+ Ke7 20.Rg1 Rxb5 21.dxc5 Rxc5 22.Qa6 Qc4+
23.Qxc4 Rxc4 24.Be3 a6 25.Ke2 Rc2+  0-1

[Event "2nd ch-SCG Women"]
[Site "Tivat SCG"]
[Date "2006.03.01"]
[Round "9"]
[White "Chelushkina,I"]
[Black "Djukic,Sa"]
[Result "1/2-1/2"]
[WhiteElo "2312"]
[BlackElo "2152"]

1.Nf3 d5 2.g3 Nf6 3.Bg2 c6 4.b3 Bf5 5.Bb2 e6 6.O-O h6 7.d3 Nbd7 8.Nbd2 Bc5
9.a3 a5 10.Qe1 O-O 11.e4 Bh7 12.Qe2 Ba7 13.e5 Ne8 14.a4 Nc7 15.Kh1 Na6 16.Ne1 Qe7
17.f4 f6 18.exf6 Nxf6 19.Nef3 Rae8 20.Ne5 d4 21.Ndf3 Qd6 22.Nc4 Qd8 23.Qe5 c5
24.Nh4 Nb4 25.Qe2 Nfd5 26.Rae1 Nxf4 27.gxf4 Qxh4 28.Bc1 Bb8 29.Nxa5 b6 30.Nc6 Bxf4
31.Bxf4 Rxf4 32.Nxb4 cxb4 33.Qe5 Rf5 34.Rxf5 Bxf5 35.Rf1 Qe7 36.Qxd4 Rc8
37.Rf2 Qg5 38.Qxb4 Qc1+ 39.Rf1 Qxc2 40.Qxb6 Rc3 41.b4 Qxa4 42.b5 Rxd3 43.Qc6 Rd1
44.Qf3 Rd3 45.Qc6 Rd1 46.Qf3 Rd3 47.Qa8+ Qxa8 48.Bxa8 Rb3 49.Bc6 Bd3 50.Re1 Bxb5
51.Bxb5 Rxb5 52.Rxe6 Rb2 53.Re7 Kh7 54.Re6 h5 55.h3 g6 56.Re7+ Kh6 57.Re5 Kg7
58.Re6  1/2-1/2

[Event "Breizh Masters Women"]
[Site "Guingamp FRA"]
[Date "2006.03.02"]
[Round "7"]
[White "Choisy,M"]
[Black "Le Diouron,A"]
[Result "1/2-1/2"]
[WhiteElo "2152"]
[BlackElo "1983"]

1.Nf3 d5 2.g3 c5 3.c4 e6 4.cxd5 exd5 5.d4 b6 6.Nc3 Nf6 7.Bg2 Be7 8.O-O O-O
9.Bf4 a6 10.Qd2 Bb7 11.Rac1 Nc6 12.dxc5 bxc5 13.Ne5 Nxe5 14.Bxe5 Ng4 15.Qf4 h5
16.Bc7 Bg5 17.Bxd8 Bxf4 18.gxf4 Rfxd8 19.Rfd1 Nf6 20.Na4 c4 21.Nb6 Rab8 22.Rc2 Ba8
23.Nxa8 Rxa8 24.Kf1 Rab8 25.e3 Kf8 26.Ke2 Ke7 27.Rdd2 Rb5 28.e4 dxe4 29.Rxd8 Kxd8
30.Ke3 Ke7 31.Bxe4 Nxe4 32.Kxe4 Kd6 33.Kd4 Rf5 34.Kxc4 Rxf4+ 35.Kd3 Rf3+
36.Ke4 Rh3 37.f3 Rh4+ 38.Ke3 g5 39.b3 Rb4 40.Rc8 a5 41.Ra8 Rb5 42.Kd4 Rd5+
43.Ke3 Re5+ 44.Kd4 Rd5+ 45.Ke3 Re5+  1/2-1/2

[Event "U20ch-RUS"]
[Site "Cheboksary RUS"]
[Date "2006.03.03"]
[Round "2"]
[White "Lysyj,I"]
[Black "Grachev,B"]
[Result "1-0"]
[WhiteElo "2523"]
[BlackElo "2510"]

1.Nf3 d5 2.g3 Nf6 3.Bg2 c6 4.O-O Bf5 5.d3 e6 6.c4 Bc5 7.cxd5 exd5 8.Qc2 Be7
9.Re1 Na6 10.a3 h6 11.Nd4 Bc8 12.b4 O-O 13.Bb2 c5 14.bxc5 Bxc5 15.Nb3 Bb6
16.a4 Nb4 17.Qd2 a5 18.Ba3 Re8 19.Bxb4 axb4 20.Qxb4 Ng4 21.d4 Qf6 22.Bf3 Bc7
23.Nc3 Nxh2 24.Nxd5 Nxf3+ 25.exf3 Rxe1+ 26.Rxe1 Qxf3 27.Ne7+ Kh7 28.Nd2 Qd3
29.Re3 Qc2 30.Nxc8 Rxc8 31.Qxb7 Rb8 32.Qe4+ Qxe4 33.Rxe4 Rb2 34.Nf3 Bd6 35.Re8 Ra2
36.Ra8 Bb4 37.Ra7 f6 38.Kf1 Ra1+ 39.Ke2 Ra2+ 40.Ke3 Ra3+ 41.Ke4 f5+ 42.Kf4 Bd6+
43.Ne5 Rd3 44.Kxf5 Rxd4 45.f4 Bc5 46.Ra8 Rd6 47.a5 Bf2 48.Rh8+ Kxh8 49.Nf7+ Kh7
50.Nxd6 Bxg3 51.a6 Bf2 52.Ke6 h5 53.Ne4 Bb6 54.Ng5+ Kg6 55.Nf3 Kh6 56.Kf7 Ba7
57.Nh4 Kh7 58.Nf5 Bf2 59.Nxg7 h4 60.Ne6 Kh6 61.Ng5 Kh5 62.Ke6 Bc5 63.Kf5 Bb6
64.Nh3 Bc5 65.Ng5 Bb6 66.Ke4 Kg4 67.Nf3 h3 68.f5 Kh5 69.Ke5 Kg4 70.Ke4 Kh5
71.f6 Kg6 72.Ke5 Kf7 73.Ng5+ Ke8 74.Nxh3 Kd7 75.Kd5 Be3 76.Nf4  1-0

[Event "LXIII ch-POL"]
[Site "Krakow POL"]
[Date "2006.03.03"]
[Round "7"]
[White "Markowski,T"]
[Black "Bobras,P"]
[Result "0-1"]
[WhiteElo "2565"]
[BlackElo "2531"]

1.g3 d5 2.Nf3 c6 3.Bg2 Nf6 4.O-O Bg4 5.d3 Nbd7 6.c4 e6 7.cxd5 exd5 8.h3 Bxf3
9.Bxf3 Be7 10.e3 O-O 11.Bg2 a5 12.Nc3 Re8 13.Ne2 Qb6 14.Qc2 Nc5 15.Rd1 Qa6
16.Nd4 Bf8 17.b3 Ne6 18.Nxe6 Rxe6 19.Rb1 h5 20.Bb2 Bd6 21.Bd4 Rae8 22.Qb2 Qa8
23.a3 Qd8 24.b4 axb4 25.axb4 h4 26.g4 Bc7 27.Kf1 Qd6 28.f4 Rxe3 29.Bxe3 Rxe3
30.Qd4 Rg3 31.Ra1 Nd7 32.Ra8+ Kh7 33.Re1 Qxf4+ 34.Qxf4 Bxf4 35.Rae8 f6 36.R1e7 Ne5
37.Rxb7 Rxd3 38.b5 Rd1+ 39.Ke2 Rd2+ 40.Kf1 Rd1+ 41.Ke2 Rd2+ 42.Kf1 Nd3 43.bxc6 Bh2  0-1

[Event "ch-LAT"]
[Site "Riga LAT"]
[Date "2006.03.03"]
[Round "6"]
[White "Luckans,A"]
[Black "Sveshnikov,E"]
[Result "1/2-1/2"]
[WhiteElo "2467"]
[BlackElo "2503"]

1.Nf3 d5 2.g3 Bg4 3.Bg2 Nd7 4.d4 e6 5.Nbd2 Bd6 6.O-O Ngf6 7.h3 Bxf3 8.Nxf3 O-O
9.c4 c6 10.Qb3 Rb8 11.Nd2 Re8 12.e4 dxe4 13.Nxe4 Nxe4 14.Bxe4 e5 15.dxe5 Bxe5
16.Rd1 Qe7 17.Qc2 Nf8 18.Bg2 Qf6 19.Be3 b6 20.Qa4 c5 21.Rd3 Bxb2 22.Rad1 Re7
23.Rd6 Qf5 24.R6d5 Qg6 25.Rd6 Bf6 26.Bf4 Rbe8 27.Bc6 Re1+ 28.Kg2 R8e2 29.Bf3 Rxd1
30.Bxe2 Rxd6 31.Bxd6 Bd4 32.Bxf8 Qe4+ 33.Bf3 Qe1 34.Qc2 Kxf8 35.Qe2 Qxe2
36.Bxe2 Ke7 37.f4 Kd6 38.Kf3 f5 39.Bd3 g6 40.g4 fxg4+ 41.hxg4 Ke6 42.g5 Bb2
43.Be4 Bc1 44.Bd5+ Ke7 45.Kg4 Kf8 46.f5 Kg7 47.Be4 Bd2 48.a4 Be3 49.Bb1 Kf7
50.Be4 gxf5+ 51.Kxf5 h6 52.gxh6 Bxh6 53.Ke5 Ke7 54.Bf3 Kd7 55.Ke4  1/2-1/2

[Event "ch-USA GpA"]
[Site "San Diego USA"]
[Date "2006.03.03"]
[Round "2"]
[White "Goletiani,R"]
[Black "Cottrell,K"]
[Result "1-0"]
[WhiteElo "2378"]
[BlackElo "1887"]

1.Nf3 d5 2.g3 Nf6 3.Bg2 g6 4.c4 c6 5.b3 Bg7 6.Bb2 O-O 7.O-O Bg4 8.d3 Qc8
9.Re1 Bh3 10.Bh1 h6 11.Nbd2 Nbd7 12.Rc1 Qd8 13.Qc2 Re8 14.cxd5 cxd5 15.Qc7 Rb8
16.Bd4 b6 17.Ba1 Ra8 18.Nd4 Nc5 19.Qxd8 Rexd8 20.b4 Ncd7 21.Nc6 Re8 22.e4 Be6
23.Bxf6 exf6 24.exd5 Bh3 25.d6 Kh7 26.d4 Rac8 27.Re7 Rxe7 28.dxe7 f5 29.Nc4 Nf6
30.Nd6 Rh8 31.Re1 Ne8 32.Nxf7 Rg8 33.f4 g5 34.fxg5 hxg5 35.Nxg5+ Kg6 36.Nxh3 Bh6
37.d5 Kf7 38.d6 Nxd6 39.Bd5+ Kg7 40.Bxg8 Kxg8 41.e8=Q+ Nxe8 42.Rxe8+ Kf7
43.Ra8 Ke6 44.Nf4+ Kd6 45.b5 a5 46.bxa6 Bg7 47.Rd8+ Kxc6 48.a7 Kb5 49.a8=Q Bc3
50.Qd5+ Ka4 51.Ra8+ Ba5 52.Rxa5+ bxa5 53.Qb3+  1-0

[Event "1st ONGC Cup"]
[Site "Hyderabad IND"]
[Date "2006.03.04"]
[Round "9"]
[White "Vijayalakshmi,S"]
[Black "Natarajan,C"]
[Result "1-0"]
[WhiteElo "2479"]
[BlackElo "2283"]

1.Nf3 d5 2.g3 c6 3.Bg2 Bg4 4.O-O Nd7 5.h3 Bh5 6.d3 e6 7.Nbd2 Bd6 8.b3 Ne7
9.Bb2 O-O 10.e4 f6 11.Qe1 Bf7 12.d4 a5 13.a3 a4 14.c4 axb3 15.cxd5 cxd5 16.e5 fxe5
17.Nxe5 Bxe5 18.dxe5 Nc5 19.Qe3 Rc8 20.g4 Ng6 21.Bd4 b2 22.Bxb2 Nh4 23.Bh1 Bg6
24.f4 Ne4 25.Rad1 Nxd2 26.Rxd2 Rc2 27.f5 d4 28.Bxd4 Rxd2 29.Qxd2 exf5 30.Be3 Qc7
31.Bg5 Qxe5 32.Bxh4 Qc5+ 33.Bf2 Qxa3 34.Qe3 Qxe3 35.Bxe3 Re8 36.Bd5+ Kh8
37.gxf5 Rxe3 38.fxg6 hxg6 39.Rf3 Re5 40.Bxb7 Kh7 41.Kf2 Kh6 42.Rf4 Rb5 43.Bf3 Rb6
44.Rh4+ Kg5 45.Kg3 Rb3 46.Rh8 Rb4 47.h4+ Kf6 48.Rf8+ Ke7 49.Rf4 Rb5 50.Kg4 Ra5
51.Be4 Ra4 52.Kg5 Kd6 53.Bxg6 Rxf4 54.Kxf4 Ke7 55.Kg5  1-0

[Event "TCh-NED 2005-6"]
[Site "Netherlands NED"]
[Date "2006.03.04"]
[Round "7"]
[White "Motwani,P"]
[Black "Van den Doel,E"]
[Result "1/2-1/2"]
[WhiteElo "2505"]
[BlackElo "2571"]

1.Nf3 d5 2.g3 Bg4 3.Bg2 Nd7 4.c4 e6 5.cxd5 exd5 6.Nc3 c6 7.O-O Ngf6 8.d3 Bc5
9.e4 dxe4 10.dxe4 O-O 11.Qc2 Re8 12.Nh4 Ne5 13.h3 Be6 14.Na4 Be7 15.Rd1 Nfd7
16.Nf5 Bxf5 17.exf5 b5 18.Nc3 Qc8 19.Ne4 Nf6 20.Nd6 Bxd6 21.Rxd6 Qc7 22.Rd1 Rac8
23.b3 c5 24.Be3 c4 25.Bd4  1/2-1/2

[Event "2nd Bundesliga Mitte 2005-6"]
[Site "Austria AUT"]
[Date "2006.03.05"]
[Round "9"]
[White "Arwanitakis,M"]
[Black "Poeltl,T"]
[Result "1/2-1/2"]
[WhiteElo "2286"]
[BlackElo "2175"]

1.g3 d5 2.Nf3 c5 3.Bg2 Nc6 4.O-O e5 5.d3 Be7 6.Na3 Nf6 7.e4 dxe4 8.dxe4 Qxd1
9.Rxd1 O-O 10.c3 Ne8 11.Nc4 f6 12.Ne3 Be6 13.Nd5 Bd6 14.Bf1 Rd8 15.Be3 b6
16.Rd2 Ne7 17.Bc4 Nxd5 18.Bxd5 Bxd5 19.Rxd5 Nc7 20.Rd2 Be7 21.Rad1 Rxd2 22.Rxd2 Rd8
23.Rxd8+ Bxd8 24.a4 Be7 25.Kf1 Kf7 26.Ke2 Ke6 27.Kd3 Kd7 28.Nh4 g6 29.Nf3 a6
30.Nd2 b5 31.b3 Ne6 32.axb5 axb5 33.Ke2 Bd6 34.Kf3 h5 35.Ke2 Ke7 36.f3 Kd7
37.Kd3 Kc6 38.Nf1 Kd7 39.Bf2 Ng5 40.Ke2 Ke6 41.Be3 Nf7 42.g4 h4 43.Bf2 g5
44.Ne3 Nd8 45.Kd2 Nc6 46.Nd5 Ne7 47.Ne3 Kd7 48.Nd1 Kc6 49.Be3 Ng6 50.Nf2 Nf8
51.Kd3  1/2-1/2

[Event "4NCL 2005-06"]
[Site "Birmingham ENG"]
[Date "2006.03.05"]
[Round "8"]
[White "Cafferty,B"]
[Black "Devereaux,M"]
[Result "0-1"]
[WhiteElo "2207"]
[BlackElo "2367"]

1.Nf3 d5 2.g3 Nf6 3.Bg2 c6 4.O-O Bg4 5.b3 Nbd7 6.Bb2 e6 7.d3 Bd6 8.Nbd2 Qe7
9.c4 O-O 10.Qc2 a5 11.a3 Rfc8 12.Rfe1 b5 13.e4 dxe4 14.dxe4 e5 15.Nh4 g6
16.Bf1 a4 17.Ng2 axb3 18.Qxb3 Nc5 19.Qa2 Be6 20.Qb1 Na4 21.cxb5 Rab8 22.Nc4 Bxc4
23.Bxc4 Bc5 24.Ne3 Nxb2 25.Qxb2 Bd4 26.Qe2 cxb5 27.Bxb5 Bxa1 28.Rxa1 Nxe4
29.Nd5 Qe6 30.Bc4 Nc3  0-1

[Event "LXIII ch-POL"]
[Site "Krakow POL"]
[Date "2006.03.05"]
[Round "9"]
[White "Markowski,T"]
[Black "Dziuba,M"]
[Result "0-1"]
[WhiteElo "2565"]
[BlackElo "2491"]

1.g3 d5 2.Nf3 Nf6 3.Bg2 c6 4.O-O Bg4 5.d3 e6 6.c4 Bd6 7.Qb3 Qc7 8.Be3 Nbd7
9.cxd5 exd5 10.Nc3 O-O 11.Rac1 a6 12.Rfe1 Rfe8 13.Bd4 Rad8 14.Na4 Qb8 15.Nc5 Nxc5
16.Bxc5 Bxc5 17.Rxc5 Bxf3 18.Bxf3 Nd7 19.Rcc1 Ne5 20.Bg2 Re6 21.Qb6 h5 22.Qd4 Rh6
23.h3 h4 24.g4 Rg6 25.b4 Qd6 26.e3 Re8 27.f4 Nd7 28.Rf1 Rge6 29.Rf3 Nf8 30.g5 R6e7
31.Rcf1 Ne6 32.Qb2 Nc7 33.Qd2 Ne6 34.Rb1 g6 35.Rf2 Ng7 36.Re1 Rd8 37.Bf3 Nf5
38.Bg4 Ng3 39.Qb2 b6 40.Qd4 c5 41.bxc5 bxc5 42.Qf6 Qc7 43.Qxa6 Rde8 44.Kg2 c4
45.e4 dxe4 46.Qxc4 Qa5 47.Re3 Qb6 48.Qc1 exd3 49.Rxd3 Re1 50.Qb2 Qc6+ 51.Bf3 Qe6
52.Bd5 Qf5 53.Qf6 Qxf6 54.gxf6 Nh5 55.a4 Ra1 56.Rd4 Ree1 57.Bf3 Nxf6 58.Rfd2 Re3
59.Re2 Rea3 60.Bc6 Kg7 61.Kh2 Nh5 62.Rf2 Ng3 63.Kg2 Nf5 64.Rd7 Rc3 65.Bb5 Raa3
66.Rfd2 Rg3+ 67.Kf2 Rxh3 68.R7d3 Rh2+ 69.Kg1 Rxd3 70.Rxd3 Ra2 71.Be8 Ng3
72.Rf3 f6 73.Rf2 Ra3 74.Kh2 Kh6 75.Bc6 g5 76.fxg5+ fxg5 77.Rf3 Ra1 78.Rf6+ Kg7
79.Rf2 Nh5 80.Bd7 Nf6 81.Rd2 Nxd7 82.Rxd7+ Kg6 83.Rd4 Kh5 84.Rb4 Ra3 85.Rc4 Ra2+
86.Kg1 h3  0-1

[Event "U20ch-RUS"]
[Site "Cheboksary RUS"]
[Date "2006.03.06"]
[Round "5"]
[White "Maletin,P"]
[Black "Safronov,A2"]
[Result "1-0"]
[WhiteElo "2538"]
[BlackElo "2314"]

1.Nf3 d5 2.g3 Nf6 3.Bg2 c6 4.c4 dxc4 5.O-O Bf5 6.Na3 e6 7.Nxc4 Nbd7 8.d3 Nb6
9.Na5 Nbd7 10.Bd2 Rb8 11.b4 Bd6 12.Nh4 Be5 13.Nxf5 exf5 14.Rb1 O-O 15.b5 Bc7
16.Nc4 c5 17.Qb3 Re8 18.Bf3 Ng4 19.Ne3 Nge5 20.Bg2 Nf6 21.Rbc1 f4 22.Nd5 f3
23.Nxf6+ Qxf6 24.Bxf3 Nxf3+ 25.exf3 Qxf3 26.d4 Qxb3 27.axb3 Red8 28.Be3 cxd4
29.Rxc7 dxe3 30.fxe3 f6 31.Rf4 Rd5 32.Rg4 g5 33.b6 axb6 34.Re4 Ra8 35.Kg2 Ra2+
36.Kf3 g4+ 37.Rxg4+ Kf8 38.Rxh7 Rdd2 39.Rc4 Kg8 40.Rxb7 Ra8 41.Rg4+ Kf8 42.Rh4 Kg8
43.Rxb6 Raa2 44.Ke4 Kf7 45.Rf4 Rxh2 46.Rfxf6+ Ke7 47.Rh6  1-0

[Event "U20ch-RUS"]
[Site "Cheboksary RUS"]
[Date "2006.03.06"]
[Round "5"]
[White "Tomashevsky,E"]
[Black "Vitiugov,N"]
[Result "1/2-1/2"]
[WhiteElo "2586"]
[BlackElo "2573"]

1.Nf3 d5 2.g3 g6 3.Bg2 Bg7 4.c4 d4 5.d3 e5 6.O-O Ne7 7.b4 O-O 8.Nbd2 h6 9.Bb2 Nd7
10.Nb3 f5 11.e3 dxe3 12.fxe3 Qe8 13.Nfd2 g5 14.c5 Nf6 15.Nc4 Ng6 16.Qe2 Rb8
17.Rae1 h5 18.Nbd2 g4 19.Rf2  1/2-1/2

[Event "U20ch-RUS w"]
[Site "Cheboksary RUS"]
[Date "2006.03.06"]
[Round "5"]
[White "Fominykh,M"]
[Black "Gunina,V"]
[Result "0-1"]
[WhiteElo "2332"]
[BlackElo "2336"]

1.Nf3 d5 2.g3 Nf6 3.Bg2 c6 4.O-O Bg4 5.d3 Nbd7 6.Nbd2 e5 7.e4 dxe4 8.dxe4 Qc7
9.b3 Bc5 10.Bb2 O-O 11.h3 Bh5 12.Qe1 b5 13.Nh4 Rfe8 14.Kh1 a5 15.a3 Nf8 16.f4 exf4
17.gxf4 Rad8 18.Nf5 Ne6 19.Be5 Qd7 20.Nxg7 Nxg7 21.Bxf6 Qxd2 22.Qg3 Bg6 23.Bf3 Rd6
24.Rad1 Qxc2 25.Bxg7 Rxd1 26.Rxd1 Kxg7 27.f5 Qxb3 28.fxg6 hxg6 29.Qf4 Be3
30.Qd6 Qc2 31.e5 Re6 32.Qd3 Qf2 33.Rf1 Qg3 34.Qxe3 Qxh3+ 35.Kg1 Qg3+ 36.Kh1 Re8
37.Qe2 Rh8+ 38.Bh5 Rxh5+ 39.Qxh5 gxh5 40.Rg1 Qxg1+  0-1